| 000 | 01337nam a22002417a 4500 | ||
|---|---|---|---|
| 999 |
_c57556 _d57556 |
||
| 003 | Ge_BSU | ||
| 005 | 20200728133249.0 | ||
| 008 | 200728s2007ge xxu||||| |||| 00| 0 geo d | ||
| 020 | _a9789941100437 | ||
| 041 | _ageo | ||
| 080 | _a343 წ-39 | ||
| 100 |
_aწერეთელი, თინათინ. _9816 |
||
| 245 |
_aსისხლის სამართლის პრობლემები _bტ. 1 / _c თინათინ წერეთელი ; სარედ. კოლ.: გიორგი ხუბუა (მთ. რედ.) [და სხვ.] ; |
||
| 264 |
_aთბილისი : _bმერიდიანი, _c 2007. |
||
| 300 | _a568 გვ. | ||
| 504 | _aბიბლიოგრაფია ტექსტის შენიშვნებში. | ||
| 653 | _aმოძღვრება დანაშაულზე -- დანაშაულის მომზადება და მცდელობა. | ||
| 653 | _aსისხლის სამართალი. | ||
| 653 | _aსამართალი. | ||
| 700 |
_aხუბუა, გიორგი _eმთავარი რედაქტორი _99072 |
||
| 710 | _4თ. წერეთლის სახელმწიფოსა და სამართლის ინ-ტი | ||
| 942 |
_2udc _cBK |
||